书目信息 |
| 题名: |
战争事典
|
|
| 作者: | ;指文烽火工作室 编 | |
| 分册: | 013 | |
| 出版信息: | 北京 中国长安出版社 2015.09 |
|
| 页数: | 180页 | |
| 开本: | 23cm | |
| 丛书名: | 指文战争事典 | |
| 单 册: | ||
| 中图分类: | E19 | |
| 科图分类: | ||
| 主题词: | 战争史--zhan zheng shi--世界--史料 | |
| 电子资源: | ||
| ISBN: | 978-7-5107-0940-1 | |
| 000 | 00921nam 2200265 450 | |
| 001 | CAL 0120151658008 | |
| 005 | 20230303082616.63 | |
| 010 | @a978-7-5107-0940-1@dCNY79.8 | |
| 100 | @a20150917d2015 em y0chiy0120 ea | |
| 101 | 0 | @achi |
| 102 | @aCN@b110000 | |
| 105 | @aa a 000yy | |
| 106 | @ar | |
| 200 | 1 | @a战争事典@Azhan zheng shi dian@h013@f指文烽火工作室编 |
| 210 | @a北京@c中国长安出版社@d2015.09 | |
| 215 | @a180页@c彩图@d23cm | |
| 225 | 2 | @a指文战争事典@Azhi wen zhan zheng shi dian |
| 320 | @a有书目 (第180页) | |
| 330 | @a《战争事典013》收录了《冰与火之歌: 爱尔兰独立战争》、《马其顿王朝最后的荣光: 拜占庭统军帝王传 (终结篇) 》、《诺曼征服史》、等文章。 | |
| 410 | 0 | @12001 @a指文战争事典 |
| 606 | 0 | @a战争史@Azhan zheng shi@y世界@x史料 |
| 690 | @aE19@v5 | |
| 711 | 02 | @a指文烽火工作室@Azhi wen feng huo gong zuo shi@4编 |
| 801 | 0 | @aCN@bBJXHZP@c20230228 |
| 905 | @b1383019-22@dE19@e141:13@f4 | |
| 战争事典.013/指文烽火工作室编.-北京:中国长安出版社,2015.09 |
| 180页:彩图;23cm.-(指文战争事典) |
| ISBN 978-7-5107-0940-1:CNY79.8 |
| 《战争事典013》收录了《冰与火之歌: 爱尔兰独立战争》、《马其顿王朝最后的荣光: 拜占庭统军帝王传 (终结篇) 》、《诺曼征服史》、等文章。 |
| ● |
| 相关链接 |
|
|
|
|
正题名:战争事典
索取号:E19/141:13
 
预约/预借
| 序号 | 登录号 | 条形码 | 馆藏地/架位号 | 状态 | 备注 |
| 1 | 1383019 | 213830194 | 第一样本阅览室/ [索取号:E19/141:13] | 在馆 | |
| 2 | 1383020 | 213830201 | 第一借阅区/ [索取号:E19/141:13] | 在馆 | |
| 3 | 1383021 | 213830210 | 第一借阅区/ [索取号:E19/141:13] | 在馆 | |
| 4 | 1383022 | 213830229 | 第一借阅区/ [索取号:E19/141:13] | 在馆 |